000 00442nam a2200157 i 4500
001 60293
003 ES-MaACL
005 20230906164213.0
007 t|
008 031104s1973 sp ||||1| spa d
100 1 _aEspejo Arroyo, Juan Antonio.
_947798
245 1 0 _aVacaciones con los Brandon /
_cJ.A. Espejo Arrollo.
260 _aBarcelona :
_bEdiciones 29,
_c[1973]
300 _a280 p. ;
_c20 cm.
852 _aES-MaACL
_jC-53968
_bR.86646
999 _c60293
_d60293